Mahagatha: 100 Tales from the Puranas (Record no. 43186)
[ view plain ]
| 000 -LEADER | |
|---|---|
| fixed length control field | 00444nam a22001697a 4500 |
| 005 - DATE AND TIME OF LATEST TRANSACTION | |
| control field | 20250104182356.0 |
| 008 - FIXED-LENGTH DATA ELEMENTS--GENERAL INFORMATION | |
| fixed length control field | 250104b |||||||| |||| 00| 0 eng d |
| 020 ## - INTERNATIONAL STANDARD BOOK NUMBER | |
| International Standard Book Number | 9789356294493 |
| 041 ## - LANGUAGE CODE | |
| Language code of text/sound track or separate title | Eng |
| 082 ## - DEWEY DECIMAL CLASSIFICATION NUMBER | |
| Classification number | 200 NAY |
| 100 ## - MAIN ENTRY--PERSONAL NAME | |
| Author | Nayak, Satyarth |
| 245 ## - TITLE STATEMENT | |
| Title | Mahagatha: 100 Tales from the Puranas |
| 260 ## - PUBLICATION, DISTRIBUTION, ETC. | |
| Place | New Delhi |
| Publisher | Harper Collins |
| Publication Year | 2022 |
| 300 ## - PHYSICAL DESCRIPTION | |
| Extent | 419;. P. |
| 650 ## - SUBJECT ADDED ENTRY--TOPICAL TERM | |
| Subject | Hindu Mythology; Hindu Civilisation |
| 942 ## - ADDED ENTRY ELEMENTS (KOHA) | |
| Koha item type | Books |
| Withdrawn status | Lost status | Source of classification or shelving scheme | Damaged status | Not for loan | Home library | Current library | Shelving location | Accession Date | Vendor | Price | Bill number | Total Checkouts | Full call number | Barcode No | Date last seen | Date last checked out | Bill Date | Koha item type |
|---|---|---|---|---|---|---|---|---|---|---|---|---|---|---|---|---|---|---|
| Dewey Decimal Classification | IMTN | IMTN | Rack 4-A | 12/30/2024 | Raghav Books Pvt. LTD. | 599.00 | 1861 | 3 | 200 NAY | 33588 | 11/06/2025 | 10/10/2025 | 12/14/2024 | Books |